Reklama v systéme marketingovej komunikácie

Charakteristika reklamy. Proces reklamy. Cieľ a rozpočet reklamy. Reklamná správa a výber médií. Hodnotenie reklamnej komunikácie.

Enregistré dans:
Détails bibliographiques
Auteur principal: Labská, Helena
Format: Chapitre de livre
Langue:slovaque
Sujets:
Tags: Ajouter un tag
Pas de tags, Soyez le premier à ajouter un tag!

MARC

LEADER 00000naa a2200000 4500
001 r024281
005 20221205090451.8
041 0 |a slo 
044 |a SK 
245 1 0 |a Reklama v systéme marketingovej komunikácie  |c Helena Labská 
520 |a Charakteristika reklamy. Proces reklamy. Cieľ a rozpočet reklamy. Reklamná správa a výber médií. Hodnotenie reklamnej komunikácie. 
610 2 0 |a reklama 
610 2 0 |a komunikácia 
610 2 0 |a prostriedky masovokomunikačné 
100 1 |a Labská, Helena